000 00432nam a2200169 a 4500
005 20140412111311.0
008 010206s19uu xx 00 eng d
020 _a0-673-19618-6
050 _aTR(PS 420.7
_bP37 1996
100 _aClaire, Elizabeth
245 _aParade 5.
260 _aGlenview, Illinois :
_bScott Foresman,
_c1996.
300 _a 91
440 _aScott foresman Parade
650 _aReading
999 _c104005
_d104005